Lecciones de teoría constitucional

I tiakina i:
Ngā taipitopito rārangi puna kōrero
Kaituhi matua: Pereira Menaut, Antonio-Carlos (Author)
Hōputu: Pukapuka
Reo:Pāniora
I whakaputaina: Madrid Colex 1997
Putanga:3a. ed
Ngā marau:
Ngā Tūtohu: Tāpirihia he Tūtohu
Kāore He Tūtohu, Me noho koe te mea tuatahi ki te tūtohu i tēnei pūkete!

MARC

LEADER 00000nam a2200000 a 4500
001 UCI9524
003 CL-VaPUC
008 081120e19970000SP |||||||||||||||||spa|d
020 |a 8483420260 
082 0 4 |a 342  |b PER  |2 21 
100 0 |a Pereira Menaut, Antonio-Carlos  |e author  |9 533339 
245 1 0 |a Lecciones de teoría constitucional 
250 |a 3a. ed 
300 |a 496 p 
942 |c BK 
945 |d 20081120 00:00:00  |a jtorresc 
260 |a Madrid  |b Colex  |c 1997 
650 0 |a Teoría del derecho  |9 255982 
650 0 |a Derecho constitucional   |9 222588 
650 0 |a Reformas constitucionales   |9 255169 
650 0 |a Derechos civiles  |9 255655 
650 0 |a Fuentes del derecho   |9 255162 
583 |a last modification  |c 20081120 00:00:00  |k Rodrigo Vera 
999 |c 332048  |d 332046 
952 |0 0  |1 0  |4 0  |6 342_000000000000000_PER_1997  |7 0  |8 A  |9 419407  |a BIBDER  |b BIBDER  |d 2019-11-22  |i 4498844  |l 1  |m 3  |o 342 PER 1997  |p 4498844  |q 2025-12-31  |r 2021-07-30  |s 2021-07-30  |w 2019-11-22  |y BK  |k DER